日本語版Wikipediaの秀逸な記事 - Statistics

General Stats
  • This quiz has been taken 14 times
  • The average score is 14 of 100
Answer Stats
日本十進分類法 記事名称 % Correct
493医学 - 内科学 地方病(日本住血吸虫症)
64%
210日本史 松江騒擾事件
27%
320法律 みどり荘事件
27%
380風俗習慣、民俗学、民族学 男の娘
27%
430化学 ベリリウム
27%
510建設工学、土木工学 余部橋梁
27%
531機械工学、原子力工学 - 機械力学・材料・設計 ばね
27%
560金属工学、鉱山工学 ステンレス鋼
27%
560金属工学、鉱山工学 ステンレス鋼の歴史
27%
788スポーツ、体育 - 相撲、拳闘、競馬 天皇賞
27%
788スポーツ、体育 - 相撲、拳闘、競馬 テンポイント
27%
788スポーツ、体育 - 相撲、拳闘、競馬 ナリタブライアン
27%
190キリスト教、ユダヤ教 シビュラの託宣
18%
220アジア史、東洋史 貴族(中国)
18%
220アジア史、東洋史 中国の女性史
18%
289.33伝記 - イギリス ベンジャミン・ディズレーリ
18%
289.4伝記 - アフリカ ムハンマド・アリー
18%
290地理、地誌、紀行 小辺路
18%
290地理、地誌、紀行 利根川
18%
410数学 ロジスティック写像
18%
450地球科学、地学 雨氷
18%
450地球科学、地学 オーロラ
18%
491医学 - 基礎医学 赤血球
18%
493医学 - 内科学 白血病
18%
510建設工学、土木工学 関門トンネル(山陽本線)
18%
510建設工学、土木工学 中山トンネル(上越新幹線)
18%
590家政学、生活科学 蜂蜜
18%
670商業 チンドン屋
18%
680運輸、交通、観光事業 北越急行ほくほく線
18%
700芸術、美術 世界遺産
18%
720絵画、書、書道 桂正和
18%
720絵画、書、書道 サンドマン(ヴァーティゴ)
18%
788スポーツ、体育 - 相撲、拳闘、競馬 池上競馬場
18%
788スポーツ、体育 - 相撲、拳闘、競馬 サンデーサイレンス
18%
910日本文学 三島由紀夫
18%
410数学 0.999...
18%
783スポーツ、体育 - 球技 10.8決戦
18%
536機械工学、原子力工学 - 運輸工学、車両、運搬機械 小田急3000形電車(初代)
18%
767音楽、舞踊、バレエ -声楽 834.194
18%
290地理、地誌、紀行 ワシントンD.C.
18%
020図書・書誌学 著作権法(アメリカ合衆国)
9%
140心理学 ノストラダムス
9%
160宗教 カアバ
9%
190キリスト教、ユダヤ教 ヨハネの手紙三
9%
210日本史 熊野三山本願所
9%
230ヨーロッパ史、西洋史 フランク王国
9%
230ヨーロッパ史、西洋史 第三次ポエニ戦争
9%
230ヨーロッパ史、西洋史 立憲民主党(ロシア)
9%
270オセアニア史、両極地方史 ハワイの歴史
9%
288伝記 - 皇室 光厳天皇
9%
289.33伝記 - イギリス アースキン・メイ (初代ファーンバラ男爵)
9%
289.33伝記 - イギリス ウィリアム・グラッドストン
9%
289.34伝記 - ドイツ アンネ・フランク
9%
289.34伝記 - ドイツ フリッツ・ハーバー
9%
290地理、地誌、紀行 バリ島
9%
320法律 少年保護手続
9%
320法律 信玄公旗掛松事件
9%
320法律 陪審制
9%
440天文学、宇宙科学 金星の太陽面通過
9%
450地球科学、地学 黄砂
9%
450地球科学、地学 福岡県西方沖地震
9%
460生物科学、一般生物学 抗酸化物質
9%
460生物科学、一般生物学 酵素
9%
460生物科学、一般生物学 ヘリコバクター・ピロリ
9%
491医学 - 基礎医学 コレステロール
9%
491医学 - 基礎医学 抗生物質
9%
493医学 - 内科学 八丈小島のマレー糸状虫症
9%
494医学 - 外科学 ハンセン病
9%
497医学 - 歯科学 エナメル質
9%
510建設工学、土木工学 佐久間ダム
9%
520建築学 姫路城
9%
550海洋工学、船舶工学、兵器、軍事工学 横須賀海軍施設ドック
9%
680運輸、交通、観光事業 三里塚闘争
9%
720絵画、書、書道 エドゥアール・マネ
9%
720絵画、書、書道 フィンセント・ファン・ゴッホ
9%
762音楽、舞踊、バレエ -音楽史、各国の音楽 ディートリヒ・ブクステフーデ
9%
762音楽、舞踊、バレエ -音楽史、各国の音楽 レゲエ
9%
762音楽、舞踊、バレエ -音楽史、各国の音楽 ロベルト・シューマン
9%
766音楽、舞踊、バレエ -劇音楽 レオシュ・ヤナーチェク
9%
767音楽、舞踊、バレエ -声楽 藤山一郎
9%
788スポーツ、体育 - 相撲、拳闘、競馬 岡部幸雄
9%
788スポーツ、体育 - 相撲、拳闘、競馬 オグリキャップ
9%
790諸芸、娯楽 ディシディアファイナルファンタジー
9%
790諸芸、娯楽 テイルズオブレジェンディア
9%
930英米文学 アイザック・アシモフ
9%
680運輸、交通、観光事業 ユナイテッド航空232便不時着事故
9%
680運輸、交通、観光事業 アロハ航空243便事故
9%
360社会 昭和28年西日本水害
9%
536機械工学、原子力工学 - 運輸工学、車両、運搬機械 名鉄3400系電車
9%
536機械工学、原子力工学 - 運輸工学、車両、運搬機械 京王6000系電車
9%
770演劇、映画、大衆芸能 市川雷蔵(8代目)
9%
538機械工学、原子力工学 - 航空工学、宇宙工学 エアバスA300
9%
538機械工学、原子力工学 - 航空工学、宇宙工学 エアバスA340
9%
210日本史 神戸外国人居住地
0%
210日本史 としまえんの水上設置遊具による溺死事故
0%
440天文学、宇宙科学 彗星
0%
450地球科学、地学 南硫黄島原生自然環境保全区域
0%
480動物学 深海魚
0%
520建築学 ビザンティン建築
0%
590家政学、生活科学 スコッチ・ウイスキー
0%
No matching quizzes found
Score Distribution
Percent of People with Each Score
Percentile by Number Answered
Your Score History
You have not taken this quiz